Alle Länder mit Medaillen bei den Olympischen Spielen 2024 - Statistiken

Allgemein
  • Dieses Quiz wurde 72 mal gespielt
  • Das Durchschnittsergebnis liegt bei 62 aus 91
Antwortstatistiken
Antwort Gold Silber Bronze Gesamt % Korrekt
Vereinigte Staaten 40 44 42 126
100%
China 40 27 24 91
98%
Deutschland 12 13 8 33
97%
Frankreich 16 26 22 64
97%
Japan 20 12 13 45
97%
Schweden 4 4 3 11
97%
Australien 18 19 16 53
95%
Niederlande 15 7 12 34
95%
Vereinigtes Königreich 14 22 29 65
95%
Italien 12 13 15 40
94%
Portugal 1 2 1 4
94%
Argentinien 1 1 1 3
92%
Brasilien 3 7 10 20
92%
Polen 1 4 5 10
92%
Kanada 9 7 11 27
90%
Mexiko 0 3 2 5
90%
Neuseeland 10 7 3 20
90%
Spanien 5 4 9 18
90%
Griechenland 1 1 6 8
89%
Irland 4 0 3 7
89%
Kroatien 2 2 3 7
89%
Südafrika 1 3 2 6
89%
Südkorea 13 9 10 32
89%
Ägypten 1 1 1 3
87%
Belgien 3 1 6 10
87%
Norwegen 4 1 3 8
87%
Türkei 0 3 5 8
87%
Ukraine 3 5 4 12
87%
Dänemark 2 2 5 9
85%
Österreich 2 0 3 5
84%
Schweiz 1 2 5 8
84%
Serbien 3 1 1 5
84%
Ungarn 6 7 6 19
82%
Chile 1 1 0 2
81%
Indien 0 1 5 6
81%
Marokko 1 0 1 2
81%
Slowakei 0 0 1 1
81%
Slowenien 2 1 0 3
81%
Jamaika 1 3 2 6
79%
Tschechien 3 0 2 5
77%
Kolumbien 0 3 1 4
76%
Peru 0 0 1 1
76%
Iran 3 6 3 12
74%
Algerien 2 0 1 3
73%
Rumänien 3 4 2 9
73%
Tunesien 1 1 1 3
73%
Israel 1 5 1 7
71%
Pakistan 1 0 0 1
71%
Kenia 4 2 5 11
69%
Nordkorea 0 2 4 6
68%
Albanien 0 0 2 2
66%
Indonesien 2 0 1 3
66%
Litauen 0 2 2 4
66%
Georgien 3 3 1 7
65%
Kuba 2 1 6 9
63%
Thailand 1 3 2 6
63%
Usbekistan 8 2 3 13
63%
Bulgarien 3 1 3 7
61%
Ecuador 1 2 2 5
61%
Kasachstan 1 3 3 7
61%
Äthiopien 1 3 0 4
60%
Armenien 0 3 1 4
58%
Panama 0 1 0 1
58%
Aserbaidschan 2 2 3 7
56%
Katar 0 0 1 1
56%
Kosovo 0 1 1 2
55%
Philippinen 2 0 2 4
55%
Chinesisches Taipeh 2 0 5 7
53%
Mongolei 0 1 0 1
52%
Zypern 0 1 0 1
52%
Kirgisistan 0 2 4 6
48%
Malaysia 0 0 2 2
48%
Fidschi 0 1 0 1
47%
Botswana 1 1 0 2
45%
Dominikanische Republik 1 0 2 3
45%
Singapur 0 0 1 1
45%
Elfenbeinküste 0 0 1 1
44%
Guatemala 1 0 1 2
44%
Jordanien 0 1 0 1
44%
Tadschikistan 0 0 3 3
40%
Uganda 1 1 0 2
37%
Dominica 1 0 0 1
35%
Moldawien 0 1 3 4
35%
St. Lucia 1 1 0 2
35%
Bahrain 2 1 1 4
31%
Hongkong 2 0 2 4
29%
Grenada 0 0 2 2
27%
Sambia 0 0 1 1
27%
Kap Verde 0 0 1 1
16%
Flüchtlings-Olympiamannschaft 0 0 1 1
11%
Puerto Rico 0 0 2 2
8%
Keine übereinstimmenden Quizze gefunden
Verteilung der Resultate
Anzahl Personen mit jedem Resultat
Perzentil nach korrekt beantworteten Fragen
Ihre Resultats-Entwicklung
Sie haben dieses Quiz noch nicht gespielt